000 00906nam a22002537a 4500
999 _c161879
_d161879
005 20190807121329.0
010 _a1819CHEN B-717873-893
020 _a9789383202959
_c199.00
035 _aB-717873-893
035 _aB-728518
037 _bPragati Publications
082 _aS
100 _aBronte, Emily
245 _aWuthering heights /
_cby Emily Bronte; retold by Urbi Bhaduri
260 _aNew Delhi
_bOm Kidz
_c2019(repr.)
270 _a107, Ansari Road, Darya Ganj
_bNew Delhi
_e110002
300 _a240p.:
_bill.
_c20cm(Hb)
490 _aOm illustrated classics
500 _aAirport
700 _aBhaduri,Urbi
942 _2ddc
_cCH
_mBRO
_hS